الكلاب / (رقم التسجيلة. 112107)
[ عرض عادي ]
| 000 -LEADER | |
|---|---|
| fixed length control field | 00608nam a22002057a 4500 |
| 005 - DATE AND TIME OF LATEST TRANSACTION | |
| control field | 20251108174543.0 |
| 008 - FIXED-LENGTH DATA ELEMENTS--GENERAL INFORMATION | |
| fixed length control field | 250721s2007 xx 000 0 ara d |
| 020 ## - INTERNATIONAL STANDARD BOOK NUMBER | |
| International Standard Book Number | 9774082133 |
| 082 14 - DEWEY DECIMAL CLASSIFICATION NUMBER | |
| Classification number | ط/599.77/أون |
| 100 1# - MAIN ENTRY--PERSONAL NAME | |
| Personal name | أونيل، أماندا |
| 245 10 - TITLE STATEMENT | |
| Title | الكلاب / |
| 264 1# - PRODUCTION, PUBLICATION, DISTRIBUTION, MANUFACTURE, AND COPYRIGHT NOTICE | |
| Place of production, publication, distribution, manufacture | الجيزة : |
| Name of producer, publisher, distributor, manufacturer | دار الفاروق للاستثمارات الثقافية، |
| Date of production, publication, distribution, manufacture, or copyright notice | 2007. |
| 300 ## - PHYSICAL DESCRIPTION | |
| Extent | 63ص |
| 490 0# - SERIES STATEMENT | |
| Series statement | الكتاب الأفضل في |
| 650 17 - SUBJECT ADDED ENTRY--TOPICAL TERM | |
| Topical term or geographic name as entry element | الحيوانات |
| 650 17 - SUBJECT ADDED ENTRY--TOPICAL TERM | |
| Topical term or geographic name as entry element | الكلاب |
| 653 ## - INDEX TERM--UNCONTROLLED | |
| Uncontrolled term | ناشاون كبار (15-18) سنه |
| 942 ## - ADDED ENTRY ELEMENTS (KOHA) | |
| Source of classification or shelving scheme | Dewey Decimal Classification |
| Koha item type | كتب |
| حالة السحب | حالة الفقدان | مصدر التصنيف | حالة التلف | غير قابل للإعارة | المكتبة الرئيسية | المكتبة الحالية | موقع الرف | تاريخ التزويد | الرقم المتسلسل | Total Checkouts | رقم الإستدعاء | الباركود | تاريخ آخر ظهور | تاريخ الفاتورة | نوع المادة (كوها) |
|---|---|---|---|---|---|---|---|---|---|---|---|---|---|---|---|
| Dewey Decimal Classification | المكتبة المركزية | المكتبة المركزية | مقتنيات قسم التزويد | 28/07/2025 | 1190203 | ط/599.77/أون | PLD00009406 | 28/07/2025 | 28/07/2025 | كتب | |||||
| Dewey Decimal Classification | مكتبة البشائر للأطفال | مكتبة البشائر للأطفال | الأطفال | 08/11/2008 | 1228971 | ط/599.77/أون | PLD00049162 | 28/07/2025 | 08/11/2008 | كتب | |||||
| Dewey Decimal Classification | مكتبة الأميرة ايمان العامة | مكتبة الأميرة ايمان العامة | الأطفال | 08/11/2008 | 1228966 | ط/599.77/أون | PLD00049170 | 28/07/2025 | 08/11/2008 | كتب | |||||
| Dewey Decimal Classification | مكتبة الأميرة سلمى | مكتبة الأميرة سلمى | الأطفال | 08/11/2008 | 1228968 | ط/599.77/أون | PLD00049169 | 28/07/2025 | 08/11/2008 | كتب | |||||
| Dewey Decimal Classification | مكتبة الاميرة بديعة | مكتبة الاميرة بديعة | الأطفال | 08/11/2008 | 1228967 | ط/599.77/أون | PLD00049168 | 28/07/2025 | 08/11/2008 | كتب | |||||
| Dewey Decimal Classification | مكتبة البراءة للأطفال | مكتبة البراءة للأطفال | الأطفال | 08/11/2008 | 1228969 | ط/599.77/أون | PLD00049167 | 28/07/2025 | 08/11/2008 | كتب | |||||
| Dewey Decimal Classification | مكتبة البراعم الواعدة | مكتبة البراعم الواعدة | الأطفال | 08/11/2008 | 1228970 | ط/599.77/أون | PLD00049166 | 28/07/2025 | 08/11/2008 | كتب | |||||
| Dewey Decimal Classification | مكتبة الجويدة | مكتبة الجويدة | الأطفال | 08/11/2008 | 1228972 | ط/599.77/أون | PLD00049165 | 28/07/2025 | 08/11/2008 | كتب | |||||
| Dewey Decimal Classification | مكتبة الحسن العامة | مكتبة الحسن العامة | الأطفال | 08/11/2008 | 1228973 | ط/599.77/أون | PLD00049144 | 28/07/2025 | 08/11/2008 | كتب | |||||
| Dewey Decimal Classification | مكتبة الراية الهاشمية للأطفال | مكتبة الراية الهاشمية للأطفال | الأطفال | 18/11/2008 | 1228974 | ط/599.77/أون | PLD00051450 | 28/07/2025 | 18/11/2008 | كتب |